000
00294nam a22001217a 4500
020
_a
S0961-9534
041
_a
ENG
245
_a
Low Temperature Conversion Of Sugar-Cane By - Products
260
_a
New Delhi
_b
BIS
_c
1998
300
_a
162
650
_a
BIS Tist Code
856
_u
BIS Tist Code
999
_c
2136
_d
2136